| 000 | 00721nam a22002297a 4500 | ||
|---|---|---|---|
| 999 |
_c1535 _d1535 |
||
| 003 | AR-CdUCM | ||
| 008 | 190227b ||||| |||| 00| 0 spa d | ||
| 020 | _a9681618572 | ||
| 040 |
_aMUNICIPALIDAD PROVINCIAL DEL CUSCO _cBIBLIOTECA MUNICIPAL DEL CUSCO |
||
| 082 |
_a082.974 / _bM42 |
||
| 100 |
_aMendoza, Vicente T. _95779 |
||
| 245 |
_aCorrido mexicanos / _cVicente T. Mendoza |
||
| 260 |
_aMexico, D.F : _bFondo de cultura económica, _c1985. |
||
| 300 |
_a203 paginas ; _c21 cm. |
||
| 505 | _aEl romance Español y el corrido Mexicano ... | ||
| 650 |
_aGenero lírico _95780 |
||
| 650 |
_aMusical _95781 |
||
| 650 |
_aNarrativo _91140 |
||
| 650 |
_aRomance _9410 |
||
| 942 |
_2ddc _cLIBROS |
||
| 945 |
_aacv _d2019-02-27 |
||